Ứng dụng phương pháp Monte-Carlo để tính phổ Gamma và hiệu suất ghi của Detector bán dẫn trên máy vi tính /
保存先:
| 第一著者: | |
|---|---|
| その他の著者: | |
| フォーマット: | 学位論文 |
| 言語: | Vietnamese |
| 出版事項: |
Đà Lạt :
Trường Đại học Đà Lạt,
1997
|
| タグ: |
タグ追加
タグなし, このレコードへの初めてのタグを付けませんか!
|
| Thư viện lưu trữ: | Thư viện Trường Đại học Đà Lạt |
|---|
| LEADER | 00818nam a2200265 4500 | ||
|---|---|---|---|
| 001 | DLU030024202 | ||
| 005 | ##20030801 | ||
| 040 | # | # | |a DLU |b vie |
| 041 | # | # | |a vie |
| 044 | # | # | |a vn |
| 082 | # | # | |a 530 |b NG-H |
| 100 | # | # | |a Nguyễn Danh Hưng |
| 245 | # | # | |a Ứng dụng phương pháp Monte-Carlo để tính phổ Gamma và hiệu suất ghi của Detector bán dẫn trên máy vi tính / |c Nguyễn Danh Hưng |
| 260 | # | # | |a Đà Lạt : |b Trường Đại học Đà Lạt, |c 1997 |
| 300 | # | # | |a 76 tr. ; |c 29 cm |
| 700 | # | # | |a Mai Xuân Trung |c PTS. |e Cán bộ hướng dẫn |
| 915 | # | # | |a Vật lý |c Thạc sĩ |d Trường Đại học Đà Lạt |
| 994 | # | # | |a DLU |
| 900 | # | # | |a True |
| 911 | # | # | |a Lê Nguyên Khang |
| 925 | # | # | |a G |
| 926 | # | # | |a A |
| 927 | # | # | |a LA |
| 980 | # | # | |a Thư viện Trường Đại học Đà Lạt |